| 000 -LEADER |
| fixed length control field |
00765nam a22001577a 4500 |
| 003 - CONTROL NUMBER IDENTIFIER |
| control field |
OSt |
| 005 - DATE AND TIME OF LATEST TRANSACTION |
| control field |
20151202141711.0 |
| 008 - FIXED-LENGTH DATA ELEMENTS--GENERAL INFORMATION |
| fixed length control field |
151202b xxu||||| |||| 00| 0 eng d |
| 040 ## - CATALOGING SOURCE |
| Transcribing agency |
RUA |
| 082 ## - DEWEY DECIMAL CLASSIFICATION NUMBER |
| Classification number |
FIS TAO 2002 B174 Or.1 |
| 100 ## - MAIN ENTRY--PERSONAL NAME |
| 9 (RLIN) |
4139 |
| Personal name |
TAO, SOTHEA. |
| 245 ## - TITLE STATEMENT |
| Title |
The effect of using ingredient feed and beer waste on the growth and the survial rate of barbod gonionotus cultured in hapa, ឥទ្ធិពលនៃការប្រើប្រាស់ចំណីផ្សំ និងកាកស្របៀរទៅលើអត្រារស់ និងអត្រាការលូតលាស់ត្រីឆ្ពឹននៅក្នុងហាប៉ា |
| 260 ## - PUBLICATION, DISTRIBUTION, ETC. (IMPRINT) |
| Place of publication, distribution, etc. |
Phnom Penh |
| Name of publisher, distributor, etc. |
RUA |
| Date of publication, distribution, etc. |
2002 |
| 300 ## - PHYSICAL DESCRIPTION |
| Extent |
43p. |
| Other physical details |
ill. |
| Dimensions |
29cm. |
| 942 ## - ADDED ENTRY ELEMENTS (KOHA) |
| Source of classification or shelving scheme |
|
| Koha item type |
FIS |